Ross & Wilson Applied Anatomy and Applied Physiology in Health and Illness (Record no. 1711)
[ view plain ]
| 000 -LEADER | |
|---|---|
| Fixed length control field | 00893nam a22002777a 4500 |
| 003 - CONTROL NUMBER IDENTIFIER | |
| Control field | IIN |
| 005 - DATE AND TIME OF LATEST TRANSACTION | |
| Control field | 20250328115141.0 |
| 008 - FIXED-LENGTH DATA ELEMENTS--GENERAL INFORMATION | |
| Fixed length control field | 250328b |||adf|| |||| 001 0 eng d |
| 020 ## - INTERNATIONAL STANDARD BOOK NUMBER / ISBN | |
| International Standard Book Number | 9788131267257 |
| Price | Rs. 1795.00 |
| 040 ## - CATALOGING SOURCE | |
| Original cataloging agency | IIN |
| 082 ## - DEWEY DECIMAL CLASSIFICATION NUMBER | |
| Classification number | 612 |
| Book Number | WAU |
| 100 ## - MAIN ENTRY--PERSONAL NAME | |
| Personal name | Wagh, Anne |
| 245 ## - TITLE STATEMENT | |
| Title | Ross & Wilson Applied Anatomy and Applied Physiology in Health and Illness |
| Statement of responsibility | Anne Waugh and Allison Grant/ edited by W.M.S Johnson, Priscilla Johnson and S.J. Nalini |
| 246 ## - VARYING FORM OF TITLE | |
| Title proper/short title | Ross & Wilson Anatomy and Physiology in Health and Illness |
| 250 ## - EDITION STATEMENT | |
| Edition statement | 14th ed. |
| Remainder of edition statement | South Asia Edition |
| 260 ## - IMPRINT | |
| Place of publication | Haryana |
| Name of publisher | Elsevier |
| Date of publication | 2023 |
| 300 ## - PHYSICAL DESCRIPTION | |
| Page / Vol. No | xx, 644 p. |
| Other physical details | col. ill. |
| 500 ## - GENERAL NOTE | |
| General note | Includes Index |
| 650 ## - SUBJECT ADDED ENTRY--TOPICAL TERM | |
| Topical term | Anatomy |
| 650 ## - SUBJECT ADDED ENTRY--TOPICAL TERM | |
| Topical term | Physiology |
| 700 ## - ADDED ENTRY--PERSONAL NAME | |
| Personal name | Grant, Allison |
| 700 ## - ADDED ENTRY--PERSONAL NAME | |
| Personal name | Johnson, W.M.S. (ed.) |
| 700 ## - ADDED ENTRY--PERSONAL NAME | |
| Personal name | Johnson, Priscilla (ed.) |
| 700 ## - ADDED ENTRY--PERSONAL NAME | |
| Personal name | Nalini, S.J. (ed.) |
| 942 ## - ADDED ENTRY ELEMENTS (KOHA) | |
| Koha item type | Books |
| Withdrawn status | Lost status | Source of classification | Damaged status | Not for loan | Collection code | Home library | Current library | Shelving location | Date acquired | Price | Total Checkouts | Call number | Accession number | Date last seen | Price effective from | Koha item type |
|---|---|---|---|---|---|---|---|---|---|---|---|---|---|---|---|---|
| Dewey Decimal Classification | Purches Book | IDEAL INSTITUTE OF NURSING | IDEAL INSTITUTE OF NURSING | General Stacks | 11/03/2025 | 1795.00 | 612 WAU | 1823 | 28/03/2025 | 28/03/2025 | Books |
